| 000 | 00475nam a22001817a 4500 | ||
|---|---|---|---|
| 003 | CEME | ||
| 005 | 20210628203515.0 | ||
| 008 | 210118b xxu||||| |||| 00| 0 eng d | ||
| 020 | _a0-471-98386-1IX, 568P | ||
| 040 | _c. | ||
| 082 | _a006.7 CHA | ||
| 100 |
_aChapman, Nigel, Chapman, Jenny _965895 |
||
| 245 | _aDigital multimedia | ||
| 260 |
_aUSA _bWILEY _c2002 |
||
| 300 | _aIX, 568P | ||
| 650 |
_aDIGITAL MULTIMEDIA.MULTIMEDIA AND NETWORKS _965896 |
||
| 942 |
_cBK _2ddc |
||
| 999 |
_c573974 _d573974 |
||